Dreams and healing : expanding The inner eye : how to attune your mind-body connection through imagery, intuition, and life energies /

Bibliographic Details
Main Author: Windsor, Joan
Other Authors: Windson, Joan
Format: Book
Language:English
Published: New York : Dodd, Mead, [1987]
Edition:1st ed.
Subjects:

MARC

Tag First Indicator Second Indicator Subfields
LEADER 00000cam a2200000 a 4500
001 in00000035083
005 20151007055259.0
008 870901s1987 nyu b 00110 eng
010 |a  87024565  
020 |a 0396090796 :  |c $17.95 ($24.95 Can.) 
020 |a 0396091504 (pbk.) :  |c $8.95 ($12.95 Can.) 
035 |a (OCoLC)16716596 
035 |9 AAB7764AM 
040 |a DLC  |c DLC  |d TXA  |d UtOrBLW 
049 |a TXAM  |c [A11507193] 
050 0 0 |a BF1099.S76  |b W56 1987 
082 0 |a 135/.3  |2 19 
100 1 |a Windsor, Joan. 
245 1 0 |a Dreams and healing :  |b expanding The inner eye : how to attune your mind-body connection through imagery, intuition, and life energies /  |c Joan Windsor. 
250 |a 1st ed. 
264 1 |a New York :  |b Dodd, Mead,  |c [1987] 
264 4 |c ©1987 
300 |a xviii, 333 pages ;  |c 24 cm. 
336 |a text  |b txt  |2 rdacontent 
337 |a unmediated  |b n  |2 rdamedia 
338 |a volume  |b nc  |2 rdacarrier 
504 |a Bibliography: pages 325-326. 
500 |a Includes index. 
650 0 |a Dreams. 
650 0 |a Spiritual healing. 
700 1 |a Windson, Joan.  |t Inner eye. 
999 |a MARS 
999 f f |s 1afa9ff1-806a-3e2b-85de-a19fe06fb2f9  |i e215eee7-1a7b-39b9-83fd-ab71e5e14bd4  |t 0 
952 f f |p normal  |a Texas A&M University  |b College Station  |c Sterling C. Evans Library  |d Evans: Library Stacks  |t 0  |e BF1099.S76 W56 1987  |h Library of Congress classification  |i unmediated -- volume  |m A14811507193 
998 f f |a BF1099.S76 W56 1987  |t 0  |l Evans: Library Stacks